Design of concrete structures (Record no. 3628)

000 -LEADER
fixed length control field 00663nam a2200229 a 4500
001 - CONTROL NUMBER
control field 3628
003 - CONTROL NUMBER IDENTIFIER
control field BD-DhUET
008 - FIXED-LENGTH DATA ELEMENTS--GENERAL INFORMATION
fixed length control field 850621s1985 enka b 101 0 eng
020 ## - INTERNATIONAL STANDARD BOOK NUMBER
International Standard Book Number 007Y665486
040 ## - CATALOGING SOURCE
Original cataloging agency DLC
Transcribing agency DLC
Modifying agency BD-DhUET
082 00 - DEWEY DECIMAL CLASSIFICATION NUMBER
Classification number 624.183
Item number NIL/1986
100 ## - MAIN ENTRY--PERSONAL NAME
Personal name Nilson, Arthur H.
245 00 - TITLE STATEMENT
Title Design of concrete structures
Statement of responsibility, etc. by Arthur H. Nilson and George Winter
250 ## - EDITION STATEMENT
Edition statement 10th ed.
260 ## - PUBLICATION, DISTRIBUTION, ETC. (IMPRINT)
Place of publication, distribution, etc. New York:
Name of publisher, distributor, etc. McGraw Hill Book Company,
Date of publication, distribution, etc. 1986.
300 ## - PHYSICAL DESCRIPTION
Extent xi, 380 p. :
Other physical details ill. ;
Dimensions 23 cm.
490 ## - SERIES STATEMENT
Series statement Civil engineering series
504 ## - BIBLIOGRAPHY, ETC. NOTE
Bibliography, etc Includes bibliographies
650 #0 - SUBJECT ADDED ENTRY--TOPICAL TERM
Topical term or geographic name as entry element Reinforced concrete
700 ## - ADDED ENTRY--PERSONAL NAME
Personal name Winter, George
942 ## - ADDED ENTRY ELEMENTS (KOHA)
Koha item type General Book
Holdings
Lost status Koha item type Not for loan Withdrawn status Price effective from Koha normalized classification for sorting Date acquired Koha out on loan Damaged status Koha full call number Copy number Source of classification or shelving scheme Koha date last seen Koha issues (times borrowed) Sublocation or collection (holding branch) Piece designation (barcode) Shelving location Koha date last borrowed Location (home branch) Koha renewals
 General Book  2014-11-02624_000000000000000_183NIL19862014-11-022027-02-23 624.183/NIL/19861 2026-02-236Central Library, BUET77873Circulation section2026-02-23Central Library, BUET1
 Rental Item  2024-12-04624_183000000000000_NIL_19861990-10-23  624.183 NIL/1986১০/ক-১ 2024-12-04 Central Library, BUET77816Rental section Central Library, BUET 
 Rental Item  2024-12-04624_183000000000000_NIL_19861990-10-23  624.183 NIL/1986১০/ক-২ 2024-12-04 Central Library, BUET77817Rental section Central Library, BUET 
 Rental Item  2024-12-04624_183000000000000_NIL_19861990-10-23  624.183 NIL/1986১০/ক-৩ 2024-12-04 Central Library, BUET77818Rental section Central Library, BUET 
 Rental Item  2024-12-04624_183000000000000_NIL_19861990-10-23  624.183 NIL/1986১০/ক-৪ 2024-12-04 Central Library, BUET77819Rental section Central Library, BUET 
 Rental Item  2024-12-04624_183000000000000_NIL_19861990-10-23  624.183 NIL/1986১০/ক-৫ 2024-12-04 Central Library, BUET77820Rental section Central Library, BUET 
 Rental Item  2024-12-04624_183000000000000_NIL_19861990-10-23  624.183 NIL/1986১০/ক-৬ 2024-12-04 Central Library, BUET77821Rental section Central Library, BUET 
 Rental Item  2024-12-04624_183000000000000_NIL_19861990-10-23  624.183 NIL/1986১০/ক-৭ 2024-12-04 Central Library, BUET77822Rental section Central Library, BUET 
 Rental Item  2024-12-04624_183000000000000_NIL_19861990-10-23  624.183 NIL/1986১০/ক-৮ 2024-12-04 Central Library, BUET77823Rental section Central Library, BUET 
 Rental Item  2024-12-04624_183000000000000_NIL_19861990-10-23  624.183 NIL/1986১০/ক-৯ 2024-12-04 Central Library, BUET77824Rental section Central Library, BUET 
 Rental Item  2024-12-04624_183000000000000_NIL_19861990-10-23  624.183 NIL/1986১০/ক-১০ 2024-12-04 Central Library, BUET77825Rental section Central Library, BUET 
 Rental Item  2024-12-04624_183000000000000_NIL_19861990-10-23  624.183 NIL/1986১০/ক-১১ 2024-12-04 Central Library, BUET77826Rental section Central Library, BUET 
 Rental Item  2024-12-04624_183000000000000_NIL_19861990-10-23  624.183 NIL/1986১০/ক-১২ 2024-12-04 Central Library, BUET77827Rental section Central Library, BUET 
 Rental Item  2024-12-04624_183000000000000_NIL_19861990-10-23  624.183 NIL/1986১০/ক-১৩ 2024-12-04 Central Library, BUET77828Rental section Central Library, BUET 
 Rental Item  2024-12-04624_183000000000000_NIL_19861990-10-23  624.183 NIL/1986১০/ক-১৪ 2024-12-04 Central Library, BUET77829Rental section Central Library, BUET 
 Rental Item  2024-12-04624_183000000000000_NIL_19861990-10-23  624.183 NIL/1986১০/ক-১৫ 2024-12-04 Central Library, BUET77830Rental section Central Library, BUET 
 Rental Item  2024-12-04624_183000000000000_NIL_19861990-10-23  624.183 NIL/1986১০/ক-১৬ 2024-12-04 Central Library, BUET77831Rental section Central Library, BUET 
 Rental Item  2024-12-04624_183000000000000_NIL_19861990-10-23  624.183 NIL/1986১০/ক-১৭ 2024-12-04 Central Library, BUET77832Rental section Central Library, BUET 
 Rental Item  2024-12-04624_183000000000000_NIL_19861990-10-23  624.183 NIL/1986১০/ক-১৮ 2024-12-04 Central Library, BUET77833Rental section Central Library, BUET 
 Rental Item  2024-12-04624_183000000000000_NIL_19861990-10-23  624.183 NIL/1986১০/ক-১৯ 2024-12-04 Central Library, BUET77834Rental section Central Library, BUET 
 Rental Item  2024-12-04624_183000000000000_NIL_19861990-10-23  624.183 NIL/1986১০/ক-২০ 2024-12-04 Central Library, BUET77835Rental section Central Library, BUET